000 00275nam a2200121Ia 4500
008 191201s2019 xx 000 0 und d
100 _aSHEVGAONKAR, R K
245 0 _aElectromagnetic Waves
260 _bTMH
_c2019
300 _a580
650 _aB.Tech(ECE)
942 _2ddc
_cBK
999 _c7063
_d7063